Catalogus viceprovinciae centroamericanae Societatis Iesu ineunte anno. (Record no. 43354)

MARC details
000 -LEADER
campo de control de longitud fija 00604nas a2200193 i 4500
001 - NÚMERO DE CONTROL
campo de control 43354
003 - IDENTIFICADOR DE NÚMERO DE CONTROL
campo de control ES-MaACL
005 - FECHA Y HORA DE LA ÚLTIMA TRANSACCIÓN
campo de control 20250217134822.0
007 - CAMPO FIJO DE DESCRIPCIÓN FÍSICA--INFORMACIÓN GENERAL
campo de control de longitud fija t|
008 - DATOS DE LONGITUD FIJA--INFORMACIÓN GENERAL
campo de control de longitud fija 030317d1966 es | |001 |lat d
110 2# - ENTRADA PRINCIPAL--NOMBRE DE ENTIDAD CORPORATIVA
Nombre de entidad corporativa o nombre de jurisdicción como elemento de entrada Jesuitas.
Unidad subordinada Viceprovincia Centro-Americana.
9 (RLIN) 165690
245 10 - MENCIÓN DEL TÍTULO
Título Catalogus viceprovinciae centroamericanae Societatis Iesu ineunte anno.
260 ## - PUBLICACIÓN, DISTRIBUCIÓN, ETC.
Lugar de publicación, distribución, etc. [San Salvador?] :
Nombre del editor, distribuidor, etc. Viceprovincia centroamericana Societatis Iesu,
Fecha de publicación, distribución, etc. [1966]
300 ## - DESCRIPCIÓN FÍSICA
Extensión 1 v. (63 p.) ;
Dimensiones 21 cm.
610 24 - PUNTO DE ACCESO ADICIONAL DE MATERIA--NOMBRE DE ENTIDAD CORPORATIVA
Nombre de entidad corporativa o nombre de jurisdicción como elemento de entrada Jesuitas-
Subdivisión cronológica S.XX.
9 (RLIN) 5362
852 ## - LOCALIZACIÓN
Ubicación ES-MaACL
Número de control de estantería C-32810
866 #0 - MENCIÓN TEXTUAL DE FONDOS--UNIDAD BIBLIOGRÁFICA BÁSICA
Fondos 1966.
Holdings
Estatus retirado Estado de pérdida Estado de daño No para préstamo Colección Biblioteca de origen Biblioteca actual Ubicación en estantería Fecha de adquisición Fuente de adquisición Total de préstamos Signatura topográfica completa Código de barras Visto por última vez Precio de reemplazo Tipo de ítem Koha
        Periódicos y Revistas Biblioteca del Ateneo de Madrid Biblioteca del Ateneo de Madrid Depósito 2 17/01/2008     C-32810 1045640 23/02/2023 23/02/2023 Revista